| 000 | 00735nam a2200181Ia 4500 | ||
|---|---|---|---|
| 005 | 20251020182609.0 | ||
| 008 | 200515s9999 xx 000 0 und d | ||
| 082 | _aSC/621.436/F39-MP | ||
| 110 | _aInstituto de Capacitación de la Industria de la Construcción | ||
| 245 | 0 | _aMotores a diésel : Nivel 1 : Manual del participante | |
| 260 | _aMéxico, D.F. | ||
| 260 | _cs.a. | ||
| 300 | _a57 | ||
| 520 | _aSeñala las bases de como seleccionar la información escrita de acuerdo al equipo y necesidades de información, las características que deben reunir los aceites para motor, así como los componentes del motor y sus sistemas, además de explicar brevemente el | ||
| 650 | _aMOTORES | ||
| 650 | _aPUB ICIC | ||
| 942 | _cLIB | ||
| 999 |
_c3289 _d3289 |
||